| 000 | 00353nam a2200145Ia 4500 | ||
|---|---|---|---|
| 005 | 20251222144817.0 | ||
| 008 | 251222s9999||||xx |||||||||||||| ||spa|| | ||
| 020 | _a950-808-390-5 | ||
| 082 | _a372.358/M26 | ||
| 100 | _aMartinet, Sandra | ||
| 245 | 0 | _aProyectos Tecnológicos en El Aula: | |
| 250 | _a2a.ed. | ||
| 264 | _bHomo Sapiens | ||
| 942 | _cLIB | ||
| 999 |
_c20327 _d20327 |
||